00443nam a22001697a 450000500170000000800410001702000270005804000090008504100120009408200160010610000190012224500440014126000320018530000080021765000240022570000240024920260226125935.0260226b |||||||| |||| 00| 0 eng d a9789388854481c1300.00 aMAIN aEnglish a001.42bPRA aPrasann, Kumar aScientific Writing and Research Quality aNew DelhibDiscovery c2025 a123 aEnvironment Science aBharti, Pawan Kumar